00933cam a22002534a 4500999001500000001000600015003000900021005001700030008004100047020001800088020001500106040002800121082002100149100002400170245008200194250002500276260005400301300004700355504006000402650004400462650004200506942001200548952011900560 c4084d408413453BD-DhUAP20200318160342.0200318s1997 nyua b 001 0 eng  a9780070587182 a0070587183 aDLCcDLCdBD-DhUAPbEng00a511.5076 BAL2231 aBalakrishnan, V. K.10aSchaum's outline of theory and problems of graph theory /cV.K. Balakrishnan. aTata McGraw-Hill ed. aNew York :bMcGraw-Hill,cc2004 [Reprinted 2009]. aviii, 293 pages :billustrations ;c28 cm. aIncludes bibliographical references (p. 287) and index. 0aGraph theoryxProblems, exercises, etc. 0aGraph theoryxOutlines, syllabi, etc. 2ddccBK 00102ddc4070aUAPCLbUAPCLcGeneral Stacksd2020-03-18o511.5076 BALp3010013453r2020-03-18t1w2020-03-18yBK